| 000 | 00856nam a22002531u 4500 | ||
|---|---|---|---|
| 001 | 06124 | ||
| 003 | HDC | ||
| 007 | cr bn ---aaaaa | ||
| 008 | 210122p2013 | d 00 mayg | ||
| 040 | _aHDC | ||
| 110 |
_aMalaysia. _bJabatan Perangkaan |
||
| 245 | 0 | _aMALAYSIA : INDIKATOR PERTANIAN TERPILIH 2013 | |
| 260 |
_aPutrajaya : _bJabatan Perangkaan Malaysia, _c2013 |
||
| 300 | _a 1 online resource (76 pages) | ||
| 336 |
_atext _2rdacontent |
||
| 337 |
_acomputer _2rdamedia |
||
| 338 |
_aonline resource _2rdacarrier |
||
| 650 |
_aPembangunan ekonomi _96432 |
||
| 650 |
_aPertanian terpilih _zMalaysia _96431 |
||
| 856 | _zRequest full-text at [email protected] | ||
| 942 | _2lcc | ||
| 942 | _cEIS | ||
| 942 | _kREPT 000274 | ||
| 999 |
_c3448 _d3448 |
||